000 00430nam a22001577a 4500
005 20260116152640.0
008 260116b |||||||| |||| 00| 0 eng d
020 _a978-81-89005-3-
050 _aLB 105 .G55 2016
100 _aGILL, D.S
245 _aADVANCED EDUCATIONAL PSYCHOLOGY
260 _aNEW DELHI
_bLOTUS PRESS PUBLISHERS & DISTRIBUTORS
_c2016
300 _aX8I,304P.
500 _aINCLUDES INDEX
942 _2lcc
_cBK
999 _c216472
_d216472